| 000 | 00349nam a2200133Ia 4500 | ||
|---|---|---|---|
| 008 | 150201s2009 xx 000 0 und d | ||
| 082 |
_a611 _bB09B |
||
| 100 | _aBO,WALTER J | ||
| 245 | _aBASIC ATLAS OF SECTION ANATOMY WITH CORRELATED IMAGING | ||
| 250 | _a4TH | ||
| 260 |
_bELSEVIER _aDELHI _c2009 |
||
| 650 | _aRADIOLOGY & DIAGNOSIS | ||
| 942 |
_2ddc _cBK |
||
| 999 |
_c775 _d775 |
||